Historia de España - C - Estadísticas

Estadísticas generales
  • Esta prueba ha sido intentada 132 veces
    124 desde el último reinicio
  • La puntuación promedio es 13 de 21
Estadísticas de respuestas
Pista Respuesta % Correcto
Explorador descubridor del Nuevo Mundo Cristóbal Colón
96%
Escritor del Quijote, participo como militar en la batalla de Lepanto donde perdió una mano, la cual, dio lugar a su sobrenombre del "Manco de Lepanto" Miguel de Cervantes
90%
Nieto de los reyes Católicos y heredero de los tronos de Castilla, Aragón y Navarra Carlos I
89%
Ciudad española fundada por los cartagineses, la cual su nombre significa "ciudad nueva" Cartagena
88%
Capital del Califato Omeya Cordoba
85%
Sobrenombre de Rodrigo Díaz de Vivar El Cid Campeador
80%
Territorio perdido en el conocido como "Desastre del 98" Cuba
77%
Nombre del grupo político que defendía a la otra rama borbónica y protagonizo varias guerras civiles en el siglo XIX Carlistas
72%
Conquistador y explorador Castellano responsable de la conquista de México al imperio Azteca Hernán Cortés
70%
Almirante, ministro franquista y mano derecha del dictador asesinado por E.T.A. en 1972 Luis Carrero Blanco
70%
Lugar de la batalla mítica que simboliza el inicio de la Reconquista Covadonga
57%
Promotora del sufragio femenino durante la Segunda República Clara Campoamor
56%
Nave ligera utilizada por los marineros castellanos en los siglos XIV y XV Carabela
55%
Sindicato con mayor número de afiliados a finales de la década de 1910 y principios de la década de 1920 Confederación Nacional del Trabajo / CNT
45%
Lider de uno de los partidos de la restauración borbonica Cánovas del Castillo
40%
Grupo de rebeldes castellanos que protagonizaron varias revueltas entre 1520 y 1522 Comuneros
40%
Elemento presente en el escudo de Navarra obtenido según la leyenda en la batalla de las Navas de Tolosa Cadenas
39%
Ciudad del Imperio Inca conquistada por Francisco Pizarro Cuzco
39%
Nombre romano de la ciudad de Zaragoza Caesar Augusta
34%
Grupo de exploradores, marineros y soldados que colonizaron el Nuevo Mundo Conquistadores
30%
Orden militar medieval encargada de proteger las fronteras cristianas de los musulmanes en la peninsula Orden de Calatrava
26%
No se encontraron pruebas coincidentes
Distribución de puntuación
Porcentaje de gente con cada puntuación
Porcentaje por número respondido
Historial de tus puntuaciones
No has intentado esta prueba desde el último reinicio